| 000 | 01386cam a2200385 a 4500 | ||
|---|---|---|---|
| 001 | 22493 | ||
| 003 | SK-KTurca | ||
| 005 | 20260330143119.0 | ||
| 008 | 240226s1992 xo a jr 000 f slo | ||
| 015 | _aSNBA1992/10 | ||
| 020 |
_a8070942835 _q(viazané) |
||
| 035 | _aSNK000012190 | ||
| 035 | _a77A8C1A1-DCD3-40F3-87F2-FF24917AD749 | ||
| 035 | _aurn:nbn:sk:snk-am00ig9d | ||
| 040 |
_aSNK _bslo _cSNK _eAACR2 |
||
| 041 | 1 |
_aslo _hrus |
|
| 044 |
_axo _cSK |
||
| 072 | 7 |
_a821.161.1 _xRuská literatúra _2konspekt |
|
| 072 | 7 |
_a821-93 _xLiteratúra pre deti a mládež (beletria) _2konspekt |
|
| 080 |
_a882-3(087.5) _21997 |
||
| 080 |
_a821.161.1-31 _22011 |
||
| 080 |
_a82-93-053.4/.5 _22011 |
||
| 100 | 1 |
_aČarskaja, Lidija Aleksejevna, _d1875-1937 _4aut |
|
| 245 | 1 | 0 |
_aSibirôčka _cL. A. Čárska ; [z ruského originálu Sibirôčka ... preložila Eva Malievová ; ilustrácie Karol Ondreička] |
| 250 | _a1. vyd. | ||
| 260 |
_aBratislava _bPráca _c1992 _eTrnava _fPolygrafické závody |
||
| 300 |
_a168 strán _bilustrácie _c21 cm |
||
| 500 | _aIlustrácia na titulnej strane a frontispice. Mimo edície | ||
| 655 | 7 |
_aruské romány _2SNKPH |
|
| 655 | 7 |
_aliteratúra pre deti a mládež _2SNKPH |
|
| 700 | 1 |
_aMaliti Fraňová, Eva, _d1953- _4trl |
|
| 700 | 1 |
_aOndreička, Karol, _d1944-2003 _4ill |
|
| 942 |
_2ddc _cKLDE _n0 |
||
| 999 |
_c22493 _d22493 |
||